000 00657nam a2200277Ia 4500
005 20260324124401.0
008 008 260324s9999 xx 000 0 eng d
020 _a9780203857373
037 _aEBOOK
040 _aCRL
040 _beng
040 _cCRL
041 _2eng
041 _aeng
084 _qCRL
100 _aAlastair Blyth; John Worthington
_91173946
245 0 _aManaging the Brief for Better Design
260 _bTaylor and Francis
260 _c2010
365 _a
365 _b290
856 _uhttp://www.taylorfrancis.com/books/9780203857373
942 _cEBOOK
999 _c1768273
_d1768273